|
|
|
|
| LEADER |
00000nab a2200000 a 4500 |
| 001 |
vtls000925022 |
| 003 |
SK-MaSNL |
| 005 |
20260303200154.0 |
| 008 |
040720e19970807xo 0 slo |
| 035 |
|
|
|a KE33899
|
| 040 |
|
|
|a KEVKJB
|b slo
|c KEVKJB
|e AACR2
|
| 041 |
0 |
|
|a slo
|
| 044 |
|
|
|a xo
|c SK
|
| 080 |
|
|
|a 336.763.1
|2 1981
|
| 245 |
0 |
0 |
|a V IF Nová spoločnosť, a.s., Košice bola z portfólia odstránená väčšina významných podielov
|b Analýza cenného papiera
|
| 610 |
2 |
7 |
|a IF Nová spoločnosť, Košice
|2 KEVKJB
|9 1229966
|
| 650 |
0 |
7 |
|a investičné fondy
|2 KEVKJB
|9 2294
|
| 650 |
0 |
7 |
|a cenné papiere
|2 KEVKJB
|9 2110
|
| 650 |
0 |
7 |
|a obchodovanie
|2 KEVKJB
|9 30640
|
| 651 |
|
7 |
|a Košice (Slovensko)
|2 KEVKJB
|9 18694
|
| 651 |
|
7 |
|a KE,
|2 KEVKJB
|9 877256
|
| 655 |
|
7 |
|a periodikum
|2 snkbucl
|9 29553
|
| 655 |
|
7 |
|a analýzy
|2 KEVKJB
|9 22242
|
| 710 |
2 |
|
|a IF Nová spoločnosť, Košice
|4 aut
|9 1229966
|
| 773 |
0 |
8 |
|t Národná obroda
|g Roč. 8
|g Roč. 28, č.181, 7.8.1997, s. 2
|
| 773 |
0 |
8 |
|i Príl.:
|t Koruna. Finančné noviny Národnej obrody
|
| 852 |
|
|
|a ZVYKNI
|b KIS3GCP
|
| 999 |
|
|
|c 2166830
|d 2168760
|